000 00337cam a2200145ua 4500
001 3724
008 131204n II |||gr||||Z||||||asm
040 _aMAIN
041 _aEnglish
082 _a330.54 DIB
100 _aCO-ORDINATION COMMITTEE.
245 _aBHARATAR ADHUNIK ARTHANAITIK UNNAYAN
653 _aINDIAN ECONOMY
942 _cBK
999 _c3711
_d3711